书目信息 |
| 题名: |
煤层气排采技术
|
|
| 作者: | 王喆 , 徐进学 主编 | |
| 分册: | ||
| 出版信息: | 北京 石油工业出版社 2013 |
|
| 页数: | 196页 | |
| 开本: | 24cm | |
| 丛书名: | ||
| 单 册: | ||
| 中图分类: | P618.110.8 | |
| 科图分类: | ||
| 主题词: | 煤层--地下气化煤气--油气开采--研究 , 煤层 , 地下气化煤气 , 油气开采 | |
| 电子资源: | ||
| ISBN: | 978-7-5021-9889-3 | |
| 000 | 01004nam0 2200277 450 | |
| 001 | 007062843 | |
| 005 | 20140609083809.79 | |
| 010 | @a978-7-5021-9889-3@dCNY68.00 | |
| 100 | @a20140310d2013 em y0chiy50 ea | |
| 101 | 0 | @achi |
| 102 | @aCN@b110000 | |
| 105 | @aa z 000yy | |
| 106 | @ar | |
| 200 | 1 | @a煤层气排采技术@9mei ceng qi pai cai ji shu@f王喆,徐进学主编 |
| 210 | @a北京@c石油工业出版社@d2013 | |
| 215 | @a196页@c图@d24cm | |
| 330 | @a本书主要内容包括煤层气开采地质理论基础、煤层气排采工艺、煤层气井增产技术、煤层气矿场集输系统、煤层气井生产管理、煤层气井测试仪表及测试、清管和煤层气排采安全知识,介绍了煤层气排采过程中涉及的理论、技术、方法等诸多基础性、关键性问题。 | |
| 606 | 0 | @a煤层@x地下气化煤气@x油气开采@x研究 |
| 606 | 0 | @a煤层 |
| 606 | 0 | @a地下气化煤气 |
| 606 | 0 | @a油气开采 |
| 690 | @aP618.110.8@v5 | |
| 701 | 0 | @a王喆@9wang zhe@c(石油工业)@4主编 |
| 701 | 0 | @a徐进学@9xu jin xue@c(机械)@4主编 |
| 801 | 0 | @aCN@bNLC@c20140321 |
| 905 | @b548125-27@dP618.110.8@e50@f3 | |
| 煤层气排采技术/王喆,徐进学主编.-北京:石油工业出版社,2013 |
| 196页:图;24cm |
| ISBN 978-7-5021-9889-3:CNY68.00 |
| 本书主要内容包括煤层气开采地质理论基础、煤层气排采工艺、煤层气井增产技术、煤层气矿场集输系统、煤层气井生产管理、煤层气井测试仪表及测试、清管和煤层气排采安全知识,介绍了煤层气排采过程中涉及的理论、技术、方法等诸多基础性、关键性问题。 |
| ● |
| 相关链接 |
|
|
|
|
正题名:煤层气排采技术
索取号:P618.110.8/50
 
预约/预借
| 序号 | 登录号 | 条形码 | 馆藏地/架位号 | 状态 | 备注 |
| 1 | 548125 | 205481254 | 第二样本阅览室/ [索取号:P618.110.8/50] | 在馆 | |
| 2 | 548126 | 205481263 | 密集书库-化学系/ [索取号:P618.110.8/50] | 在馆 | |
| 3 | 548127 | 205481272 | 第三借阅区/ [索取号:P618.110.8/50] | 在馆 |